000
00342pab a2200145 454500
008
180718b1987 xxu||||| |||| 00| 0 eng d
100
_a
Dang, Satyapal
245
_a
Punjab problem and national question
260
_c
1987
300
_a
6-8,34
362
_a
11 July
650
_a
Punjab - Politics
773
_a
Mainstream
909
_a
16810
999
_c
16810
_d
16810